000 00656nam a22001817a 4500
005 20140905120725.0
010 _aENG-110747
020 _a9788183876209
_c1500.00
035 _aEN-94279
037 _bDBAD/PUB
082 _a954.84
100 _aReddy, Devireddy Subramanyam
245 _aColonialism and resistance in India :
_cby Devireddy Subramananyam Reddy
_ba study of the palegars of Chittoor palems of Andhra Pradesh /
260 _aNew Delhi
_bSerials Publications
_c2014
270 _a4830/24, Prahlad Street, Ansari Road, Darya Ganj
_bNew Delhi
_e110002
300 _a393p. :
_c24cm(Hb)
_bmaps
942 _2ddc
_cEN
_h954.84
_mRED
999 _c88308
_d88308